00304nam a2200133Ia 45000030006000000080041000060400015000471000016000622450042000782500012001202600009001325460012001410050017001530STCL150530s9999 xx 000 0 und d aSTCLcSTCL aYadav, J.B. aAdvanced practical physical chemistry aSeventh c1999 aEnglish20220125170246.0